000 00686nam a2200181Ia 4500
008 151018s9999 xx 000 0 und d
082 _bRBASDV12128
_a891.463
100 _aऑरिबेल
245 _aखड्गहस्त की संन्यास्त
250 _b1
260 _bमहाराष्ट्र राज्य साहित्य संस्कुती मंडळ मुंबई
_c1976
300 _a261
600 _aऑरिबेल
630 _aखड्गहस्त की संन्यास्त
700 _aऑरिबेल
730 _aखड्गहस्त की संन्यास्त
942 _cBOOK
999 _c1014380
_d1014377